[Event "Remote S7E Schnell-102 email"]
[Site "Remote email"]
[Date "2014.04.22"]
[Round "?"]
[White "Tortoza, Carlos Alberto"]
[Black "Nogler, Schimun"]
[Result "0-1"]
[WhiteElo "1560"]
[BlackElo "2397"]
[PlyCount "44"]
[EventDate "2014.??.??"]
[EventType "tourn (corr)"]
[EventRounds "6"]
[EventCountry "GER"]
[SourceTitle "Corr 2015"]
[Source "ChessBase"]
[SourceDate "2015.07.17"]
[SourceVersion "1"]
[SourceVersionDate "2015.07.17"]
[SourceQuality "1"]

1. e4 d5 2. e5 c5 3. d4 cxd4 4. Qxd4 Nc6 5. Qf4 g6 6. b3 Bh6 7. Qf3 Bxc1 8. Nd2 Bb2 9. Rb1 Bxe5 10. c3 a6 11. Bd3 Bxc3 12. Rd1 Nf6 13. Ne2 Bg4 14. Qe3 d4 15. Qh6 Ne5 16. Bb1 Qd5 17. f3 Nxf3+ 18. gxf3 Qxf3 19. Ng3 g5 20. Bc2 Nd5 21. Qg7 Qe3+ 22. Kf1 Bh3# 0-1

[Event "Remote 4 Seasons Winter-B email"]
[Site "Remote email"]
[Date "2014.01.15"]
[Round "?"]
[White "Hansen, Marco"]
[Black "Nogler, Schimun"]
[Result "1/2-1/2"]
[WhiteElo "2272"]
[BlackElo "2397"]
[PlyCount "101"]
[EventDate "2014.??.??"]
[EventType "tourn (corr)"]
[EventRounds "13"]
[EventCountry "GER"]
[SourceTitle "Corr 2015"]
[Source "ChessBase"]
[SourceDate "2015.07.17"]
[SourceVersion "1"]
[SourceVersionDate "2015.07.17"]
[SourceQuality "1"]

1. e4 c5 2. c4 e6 3. Nf3 Nc6 4. Nc3 e5 5. a3 d6 6. d3 a5 7. Be2 Nf6 8. 0-0 Be7 9. Ne1 Nd4 10. a4 0-0 11. Nc2 h6 12. Be3 Qb6 13. Nb5 Re8 14. Bd2 Nb3 15. Ra3 Nxd2 16. Qxd2 Be6 17. Ne3 Ra6 18. Qd1 Rb8 19. Rb3 Qd8 20. Ra3 Qb6 21. h3 Qd8 22. Ra1 g6 23. Bg4 Nxg4 24. Nxg4 Bg5 25. Ne3 Rb6 26. Nd5 Bxd5 27. cxd5 h5 28. b3 h4 29. Qg4 Qe7 30. Ra2 Kg7 31. Kh1 Rh8 32. Rc2 Rh5 33. Kg1 Bf4 34. Re1 Qd8 35. Qe2 Rg5 36. Qf3 Rh5 37. Rb1 Bg5 38. Qe2 Bf4 39. Qg4 Rg5 40. Qf3 Qf6 41. Kf1 Rh5 42. Na3 Qe7 43. Nc4 Ra6 44. Qe2 Ra8 45. Re1 Qc7 46. Qf3 Rc8 47. Na3 Qd8 48. Ra2 Rg5 49. Nc4 Rb8 50. Qd1 Qc7 51. Qe2 1/2-1/2

[Event "Remote 4 Seasons Winter-B email"]
[Site "Remote email"]
[Date "2014.01.15"]
[Round "?"]
[White "Nogler, Schimun"]
[Black "Galje, Hans"]
[Result "1/2-1/2"]
[WhiteElo "2397"]
[BlackElo "2339"]
[PlyCount "71"]
[EventDate "2014.??.??"]
[EventType "tourn (corr)"]
[EventRounds "13"]
[EventCountry "GER"]
[SourceTitle "Corr 2015"]
[Source "ChessBase"]
[SourceDate "2015.07.17"]
[SourceVersion "1"]
[SourceVersionDate "2015.07.17"]
[SourceQuality "1"]

1. c4 Nf6 2. d4 e6 3. Nf3 c5 4. g3 cxd4 5. Nxd4 d5 6. Bg2 e5 7. Nf3 d4 8. 0-0 Nc6 9. e3 Bc5 10. exd4 exd4 11. Re1+ Be6 12. Ng5 0-0 13. Nxe6 fxe6 14. Nd2 a5 15. Nb3 Ba7 16. Bg5 h6 17. Bf4 e5 18. Bxe5 Nxe5 19. Rxe5 d3 20. c5 a4 21. Nd2 Qd4 22. Nf3 Qxb2 23. Rb1 Qa3 24. Bh3 Rae8 25. Bf5 d2 26. Rxe8 Rxe8 27. Nxd2 Qxc5 28. Qf3 b5 29. Bd3 b4 30. Kg2 Kh8 31. Nc4 Rd8 32. Qf5 Rd5 33. Qf3 Rd8 34. Qf5 Rd5 35. Qf3 Rd8 36. Qf5 1/2-1/2

[Event "Remote-ch 2012 email"]
[Site "Remote email"]
[Date "2013.12.07"]
[Round "2"]
[White "Held, Bernd"]
[Black "Nogler, Schimun"]
[Result "0-1"]
[WhiteElo "2183"]
[BlackElo "2399"]
[PlyCount "102"]
[EventDate "2013.??.??"]
[EventType "tourn (corr)"]
[EventRounds "6"]
[EventCountry "GER"]
[SourceTitle "Corr 2015"]
[Source "ChessBase"]
[SourceDate "2015.07.17"]
[SourceVersion "1"]
[SourceVersionDate "2015.07.17"]
[SourceQuality "1"]

1. e4 e5 2. Nc3 Nc6 3. Bc4 Nf6 4. d3 Na5 5. a3 Nxc4 6. dxc4 c6 7. Nf3 d6 8. Qd3 Be7 9. 0-0 Nd7 10. Be3 0-0 11. Rfd1 h6 12. a4 Qc7 13. a5 Nf6 14. h3 Be6 15. b3 Rfc8 16. Qe2 Nd7 17. a6 b6 18. Nh2 f5 19. exf5 Bxf5 20. Ng4 Rf8 21. f3 Nf6 22. Nxf6+ Rxf6 23. Bf2 Rd8 24. Rd2 Rg6 25. h4 Rf6 26. Rad1 Bc8 27. Ra1 Rff8 28. Bg3 Be6 29. Qe1 Rfe8 30. Kh2 Qc8 31. Re2 Bf7 32. Kh1 Bg6 33. Kh2 Bf8 34. Qd2 Qe6 35. Rae1 Be7 36. Rd1 Qc8 37. Ra1 Bf5 38. Bf2 Qe6 39. Rae1 Rf8 40. Rd1 Rf7 41. Kg1 g5 42. Qe1 Rdf8 43. Ne4 Rg7 44. Bg3 Bxe4 45. fxe4 Qg4 46. hxg5 h5 47. Rd3 Bxg5 48. c3 h4 49. Bh2 Rg6 50. Qd1 Kg7 51. Qe1 Bh6 0-1

[Event "Remote 4 Seasons Autumn-A email"]
[Site "Remote email"]
[Date "2013.10.15"]
[Round "?"]
[White "Firsching, Guenter"]
[Black "Nogler, Schimun"]
[Result "1/2-1/2"]
[WhiteElo "2485"]
[BlackElo "2408"]
[PlyCount "91"]
[EventDate "2013.??.??"]
[EventType "tourn (corr)"]
[EventRounds "10"]
[EventCountry "GER"]
[SourceTitle "Corr 2015"]
[Source "ChessBase"]
[SourceDate "2015.07.17"]
[SourceVersion "1"]
[SourceVersionDate "2015.07.17"]
[SourceQuality "1"]

1. e4 Nf6 2. e5 Nd5 3. d4 d6 4. Nf3 dxe5 5. Nxe5 c6 6. Be2 Bf5 7. 0-0 Nd7 8. Nf3 e6 9. c4 N5f6 10. Nh4 Bxb1 11. Rxb1 Bd6 12. g3 0-0 13. a3 a5 14. Qc2 a4 15. Rd1 Re8 16. Be3 Qc7 17. Rd2 h6 18. Rf1 c5 19. d5 Ne5 20. dxe6 Rxe6 21. Bf4 Qb6 22. Rfd1 Bc7 23. Bxe5 Bxe5 24. Bf1 Rd6 25. Rxd6 Bxd6 26. Bg2 Be5 27. Rb1 Qc7 28. Re1 Kh8 29. Nf3 Bd6 30. Re3 g6 31. Qe2 Kg7 32. Nd2 Nd7 33. Bh3 Nb6 34. Nb1 Rd8 35. Nc3 Bf8 36. Bg2 Rd7 37. h4 h5 38. Bf3 Re7 39. Re4 Kg8 40. Rxe7 Bxe7 41. Qe4 Bf6 42. Qe8+ Kg7 43. Qb5 Be5 44. Kg2 Bxc3 45. bxc3 Kf8 46. Be4 1/2-1/2

[Event "Remote 4 Seasons Autumn-A email"]
[Site "Remote email"]
[Date "2013.10.15"]
[Round "?"]
[White "Leisebein, Peter"]
[Black "Nogler, Schimun"]
[Result "1-0"]
[WhiteElo "2452"]
[BlackElo "2397"]
[PlyCount "163"]
[EventDate "2013.??.??"]
[EventType "tourn (corr)"]
[EventRounds "10"]
[EventCountry "GER"]
[SourceTitle "Corr 2015"]
[Source "ChessBase"]
[SourceDate "2015.07.17"]
[SourceVersion "1"]
[SourceVersionDate "2015.07.17"]
[SourceQuality "1"]

1. d4 d5 2. e4 e6 3. Nc3 dxe4 4. Nxe4 Nd7 5. Nf3 Ngf6 6. Nxf6+ Nxf6 7. Bd3 c5 8. Be3 Qc7 9. Qe2 a6 10. 0-0 Nd5 11. c3 Be7 12. Bd2 0-0 13. dxc5 Bxc5 14. Rfe1 Rd8 15. Rad1 b5 16. Bg5 Rf8 17. Qe4 f5 18. Qh4 Bd7 19. Bc2 Rae8 20. Bb3 a5 21. a3 Bc8 22. Qh5 Bd7 23. Bd2 Re7 24. Qh4 Ree8 25. Re5 a4 26. Bxd5 exd5 27. Rxd5 Be6 28. Bf4 Qc6 29. Re5 Bb3 30. Nd4 Qd7 31. Rde1 Rxe5 32. Bxe5 Bd5 33. Qg3 Rf7 34. h4 h6 35. Re2 Re7 36. Rd2 Bxd4 37. cxd4 Qc6 38. Rd3 Qc1+ 39. Kh2 Qxb2 40. Rc3 Bc4 41. d5 Qe2 42. d6 Rd7 43. f3 Qd2 44. f4 Qd5 45. h5 Qf7 46. Qh3 Qf8 47. Rg3 Be2 48. Rg6 Bg4 49. Qg3 Bxh5 50. Rxh6 Bg4 51. Rg6 Qe8 52. Qc3 Bh5 53. Rg5 g6 54. Qc6 Kf8 55. Qxb5 Rh7 56. Qb4 Kg8 57. Qc4+ Kf8 58. Kg1 Bg4 59. Qb4 Rd7 60. Qxa4 Qc8 61. Kh2 Rh7+ 62. Kg3 Qe6 63. Qb4 Rd7 64. a4 Bd1 65. Kh2 Qb3 66. Qc5 Qe6 67. a5 Be2 68. Qb6 Qe8 69. Rg3 Qd8 70. Qc6 Bg4 71. Re3 g5 72. a6 gxf4 73. Bxf4 Rh7+ 74. Kg1 Bh5 75. Qc5 Kg8 76. Qxf5 Qf8 77. Rg3+ Rg7 78. Qxf8+ Kxf8 79. Bh6 Kf7 80. Rxg7+ Ke6 81. d7 Kd5 82. d8Q+ 1-0

[Event "Remote 4 Seasons Autumn-A email"]
[Site "Remote email"]
[Date "2013.10.15"]
[Round "?"]
[White "Nogler, Schimun"]
[Black "Doderer, Harald"]
[Result "1/2-1/2"]
[WhiteElo "2412"]
[BlackElo "2453"]
[PlyCount "80"]
[EventDate "2013.??.??"]
[EventType "tourn (corr)"]
[EventRounds "10"]
[EventCountry "GER"]
[SourceTitle "Corr 2015"]
[Source "ChessBase"]
[SourceDate "2015.07.17"]
[SourceVersion "1"]
[SourceVersionDate "2015.07.17"]
[SourceQuality "1"]

1. Nf3 Nf6 2. c4 e6 3. Nc3 d5 4. d4 Nbd7 5. cxd5 exd5 6. Bf4 c6 7. Qc2 Nh5 8. Bd2 Be7 9. e3 g6 10. Bd3 0-0 11. 0-0 Ndf6 12. Ne5 Ng7 13. f3 Bf5 14. Be1 Bxd3 15. Nxd3 Re8 16. Bf2 Bd6 17. Kh1 Rc8 18. Rae1 Bc7 19. e4 Ne6 20. e5 Nd7 21. Qd1 Bb6 22. Ne2 h5 23. Qd2 c5 24. dxc5 Ndxc5 25. Nxc5 Nxc5 26. Bxc5 Rxc5 27. f4 Rc6 28. Nc1 f5 29. exf6 d4 30. f7+ Kxf7 31. Nd3 Kg7 32. Rxe8 Qxe8 33. Ne5 Rf6 34. Re1 Qb5 35. Qc2 Qd5 36. b4 Re6 37. a3 Qc6 38. Qb1 Qc3 39. h3 Qg3 40. Re4 Bc7 1/2-1/2

[Event "Remote 4 Seasons Autumn-A email"]
[Site "Remote email"]
[Date "2013.10.15"]
[Round "?"]
[White "Zidu, Jan"]
[Black "Nogler, Schimun"]
[Result "1-0"]
[WhiteElo "2533"]
[BlackElo "2412"]
[PlyCount "85"]
[EventDate "2013.??.??"]
[EventType "tourn (corr)"]
[EventRounds "10"]
[EventCountry "GER"]
[SourceTitle "Corr 2015"]
[Source "ChessBase"]
[SourceDate "2015.07.17"]
[SourceVersion "1"]
[SourceVersionDate "2015.07.17"]
[SourceQuality "1"]

1. Nf3 d5 2. d4 c6 3. c4 Nf6 4. Nc3 dxc4 5. a4 Bg4 6. Ne5 Bh5 7. f3 Nfd7 8. Nxc4 Qc7 9. e4 f6 10. d5 Bf7 11. Be3 Na6 12. Rc1 e5 13. d6 Qd8 14. Be2 Nac5 15. b4 Ne6 16. b5 Nec5 17. a5 Bxc4 18. Bxc4 Qxa5 19. 0-0 Qa3 20. Rf2 Nb6 21. Ra2 Qb4 22. Bf1 Ncd7 23. bxc6 bxc6 24. Rd2 Qa3 25. Bf2 g6 26. Nb1 Qb4 27. Rc3 Qa4 28. Rb3 Nc8 29. Nc3 Qa5 30. Na2 Bh6 31. Rc2 0-0 32. Nb4 Nb8 33. Nd5 Nd7 34. Rxc6 Ncb6 35. Ne7+ Kh8 36. Rc2 Nc8 37. Rc7 Ncb6 38. Bb5 Qa2 39. Bxd7 Nxd7 40. Rxd7 Rab8 41. Rdb7 Rxb7 42. Rxb7 Rd8 43. d7 1-0

[Event "Remote-ch 2013 email"]
[Site "Remote email"]
[Date "2013.10.01"]
[Round "1"]
[White "Nogler, Schimun"]
[Black "Kahl, Karl Heinz"]
[Result "1-0"]
[WhiteElo "2412"]
[BlackElo "2129"]
[PlyCount "75"]
[EventDate "2013.??.??"]
[EventType "tourn (corr)"]
[EventRounds "6"]
[EventCountry "GER"]
[SourceTitle "Corr 2015"]
[Source "ChessBase"]
[SourceDate "2015.07.17"]
[SourceVersion "1"]
[SourceVersionDate "2015.07.17"]
[SourceQuality "1"]

1. d4 Nf6 2. Nf3 g6 3. g3 Bg7 4. c4 0-0 5. Bg2 d6 6. Nc3 Nc6 7. 0-0 a6 8. h3 Rb8 9. Be3 b5 10. Nd2 Bd7 11. Rc1 Na5 12. cxb5 axb5 13. b4 Nc4 14. Nxc4 bxc4 15. b5 d5 16. Nxd5 Nxd5 17. Bxd5 Bxh3 18. Bxc4 Bxf1 19. Kxf1 Qd7 20. a4 Rfd8 21. Qb3 e6 22. Bg5 Re8 23. d5 e5 24. d6 cxd6 25. e4 Rec8 26. b6 Qb7 27. a5 Kh8 28. Bd3 Rxc1+ 29. Bxc1 Qc8 30. Bd2 Bh6 31. Bxh6 Qh3+ 32. Kg1 Qxh6 33. a6 Qc1+ 34. Kg2 Qc5 35. Qxf7 h5 36. b7 Qa7 37. Qxg6 d5 38. Qf7 1-0

[Event "Remote Swiss email"]
[Site "Remote email"]
[Date "2013.10.01"]
[Round "4"]
[White "Nogler, Schimun"]
[Black "Richter, Wolfgang"]
[Result "1-0"]
[WhiteElo "2399"]
[BlackElo "2348"]
[PlyCount "115"]
[EventDate "2013.??.??"]
[EventType "swiss (corr)"]
[EventRounds "6"]
[EventCountry "GER"]
[SourceTitle "Corr 2015"]
[Source "ChessBase"]
[SourceDate "2015.07.17"]
[SourceVersion "1"]
[SourceVersionDate "2015.07.17"]
[SourceQuality "1"]

1. e4 e5 2. d4 exd4 3. c3 dxc3 4. Nxc3 Nc6 5. Bc4 Nf6 6. Nf3 Bd6 7. 0-0 0-0 8. Bg5 h6 9. Bh4 Be7 10. Re1 d6 11. h3 Nd7 12. Bxe7 Qxe7 13. Re3 Nce5 14. Nxe5 Nxe5 15. Nd5 Qe8 16. Nxc7 Qc6 17. Bxf7+ Rxf7 18. Nxa8 b5 19. Rc3 Qxa8 20. Qxd6 Nc4 21. Qd8+ Rf8 22. Qd4 Bb7 23. b3 Rd8 24. Qc5 Nd6 25. f3 Rd7 26. Re1 Ne8 27. Qxb5 Qd8 28. Rec1 a6 29. Qe5 Re7 30. Qg3 Rd7 31. Kh2 Qf6 32. Rc5 Qf7 33. Qe5 g6 34. a4 Re7 35. Qc3 Rd7 36. b4 Kh7 37. b5 axb5 38. axb5 Kg8 39. b6 Qf4+ 40. Kh1 Qd6 41. Qb3+ Kh7 42. e5 Qd4 43. Qe6 Ng7 44. Qf6 Nh5 45. Qf8 Rg7 46. Kh2 Qf2 47. Rc7 Qg3+ 48. Kg1 Qxe5 49. Rxg7+ Nxg7 50. Rc7 Bd5 51. Qe7 Qxe7 52. Rxe7 h5 53. Kf2 g5 54. b7 Bxb7 55. Rxb7 Kg6 56. Rb6+ Kf5 57. g4+ hxg4 58. hxg4+ 1-0

[Event "Remote Continents-ch email"]
[Site "Remote email"]
[Date "2013.09.13"]
[Round "?"]
[White "Nogler, Schimun"]
[Black "Knoeppel, Bjoern"]
[Result "1-0"]
[WhiteElo "2397"]
[BlackElo "2289"]
[PlyCount "141"]
[EventDate "2013.??.??"]
[EventType "tourn (corr)"]
[EventRounds "10"]
[EventCountry "GER"]
[SourceTitle "Corr 2015"]
[Source "ChessBase"]
[SourceDate "2015.07.17"]
[SourceVersion "1"]
[SourceVersionDate "2015.07.17"]
[SourceQuality "1"]

1. d4 c5 2. c4 cxd4 3. Qxd4 Nc6 4. Qd3 Nf6 5. Nc3 g6 6. Nf3 Bg7 7. e4 d6 8. Be2 0-0 9. 0-0 Bg4 10. Be3 Rc8 11. Qd1 Nd7 12. Rc1 Qa5 13. a3 Rfe8 14. Nd2 Bxe2 15. Qxe2 Qa6 16. f4 Nc5 17. g3 b6 18. b4 Nd4 19. Bxd4 Bxd4+ 20. Kg2 Na4 21. Nb5 Bb2 22. Rc2 Qb7 23. Qd3 a6 24. Nd4 b5 25. N4b3 Qa7 26. Na5 Qd4 27. Qf3 Rc7 28. e5 dxe5 29. fxe5 Rf8 30. Re1 Qb6 31. Re2 Qe6 32. c5 f6 33. exf6 Qxf6 34. Re3 Kg7 35. Qe2 Qf5 36. Ne4 Bd4 37. Rd3 Qd5 38. Nb3 e5 39. Rcd2 Nb2 40. Rxb2 Rf2+ 41. Qxf2 Qxe4+ 42. Qf3 Qxf3+ 43. Kxf3 Bxb2 44. Nd2 Kf7 45. Ke4 Ke8 46. Rb3 Ba1 47. Nf3 Rd7 48. a4 Rd1 49. axb5 axb5 50. Ra3 Kd7 51. Ra7+ Kc6 52. Ra6+ Kc7 53. Rb6 Bc3 54. Rxb5 Rb1 55. Kd3 Bxb4 56. Kc4 Rf1 57. Nxe5 Bd2 58. c6 Bg5 59. Rd5 Rc1+ 60. Kb5 Rb1+ 61. Ka4 Ra1+ 62. Kb3 Kc8 63. Rd7 Ra6 64. Rxh7 Bf6 65. Nxg6 Rxc6 66. Ne7+ Bxe7 67. Rxe7 Kd8 68. Re4 Kd7 69. h4 Rh6 70. Kc4 Kd6 71. Kd3 1-0

[Event "Remote Continents-ch email"]
[Site "Remote email"]
[Date "2013.09.13"]
[Round "?"]
[White "Nogler, Schimun"]
[Black "Quinones Borda, Jorge Victor"]
[Result "1-0"]
[WhiteElo "2397"]
[BlackElo "2389"]
[PlyCount "145"]
[EventDate "2013.??.??"]
[EventType "tourn (corr)"]
[EventRounds "10"]
[EventCountry "GER"]
[SourceTitle "Corr 2015"]
[Source "ChessBase"]
[SourceDate "2015.07.17"]
[SourceVersion "1"]
[SourceVersionDate "2015.07.17"]
[SourceQuality "1"]

1. d4 Nf6 2. Nf3 d5 3. g3 Bf5 4. Bg2 e6 5. 0-0 Be7 6. c4 c6 7. Nc3 0-0 8. Qb3 Qb6 9. c5 Qxb3 10. axb3 Nbd7 11. Bf4 h6 12. h4 a6 13. b4 Rac8 14. Nd2 Rfd8 15. Nb3 Nf8 16. Na5 Rd7 17. Na4 Bd8 18. Nb6 Bxb6 19. cxb6 Ne8 20. h5 Bg4 21. Bf3 Bxf3 22. exf3 Kh7 23. Kg2 f6 24. Rh1 Re7 25. g4 Kg8 26. Rac1 Rd8 27. Bc7 Nxc7 28. Nxb7 Rb8 29. bxc7 Rxc7 30. Nc5 Rb6 31. Rce1 Re7 32. Nd3 Nh7 33. f4 Kf8 34. f3 f5 35. Ra1 fxg4 36. fxg4 Nf6 37. Kf3 Ne4 38. Ra4 Ra7 39. Rc1 Ke7 40. Ne5 Rc7 41. Ke3 Rc8 42. Rca1 Ra8 43. Rg1 Ra7 44. g5 hxg5 45. fxg5 Nd6 46. Kd3 Nf5 47. Rg2 Kd6 48. Kc3 Rbb7 49. Rh2 Ra8 50. Rh3 Rba7 51. Nd3 Rb8 52. Ra1 Raa8 53. Ra5 Rh8 54. Rc5 Ra7 55. Ne5 Rc8 56. Ra5 Rca8 57. b3 Rb7 58. Nd3 Rba7 59. Ra1 Rf8 60. Ra2 Re8 61. Ne5 Rea8 62. Ra1 Rb7 63. Nd3 Rba7 64. Ra5 Rb8 65. Nc5 Re8 66. Rh2 e5 67. dxe5+ Rxe5 68. Ra1 Re3+ 69. Nd3 Rg3 70. h6 gxh6 71. gxh6 Rh7 72. Rf2 Rg6 73. Rxf5 1-0

[Event "Remote Continents-ch email"]
[Site "Remote email"]
[Date "2013.09.13"]
[Round "?"]
[White "Nogler, Schimun"]
[Black "Skorna, Ullrich"]
[Result "1-0"]
[WhiteElo "2412"]
[BlackElo "2349"]
[PlyCount "71"]
[EventDate "2013.??.??"]
[EventType "tourn (corr)"]
[EventRounds "10"]
[EventCountry "GER"]
[SourceTitle "Corr 2015"]
[Source "ChessBase"]
[SourceDate "2015.07.17"]
[SourceVersion "1"]
[SourceVersionDate "2015.07.17"]
[SourceQuality "1"]

1. e4 e6 2. d4 d5 3. Nc3 h6 4. Bd3 dxe4 5. Nxe4 Nd7 6. Nf3 Ngf6 7. Qe2 Be7 8. 0-0 b6 9. Nxf6+ Nxf6 10. Ne5 Bb7 11. Bb5+ Kf8 12. Rd1 Qd5 13. f3 Kg8 14. c4 Qd8 15. a3 Rc8 16. Bc6 Ba8 17. b4 Bxc6 18. Nxc6 Qd7 19. b5 a5 20. Qf2 Re8 21. Be3 g6 22. Rd3 Kg7 23. Re1 Bd6 24. Red1 Qc8 25. c5 Be7 26. cxb6 cxb6 27. d5 Nxd5 28. Bxb6 a4 29. Bd4+ f6 30. Bc5 Bxc5 31. Qxc5 Qc7 32. Rd4 Ra8 33. b6 Qb7 34. Na5 Qf7 35. Re1 Rhc8 36. b7 1-0

[Event "Remote Jubilee Gr.A email"]
[Site "Remote email"]
[Date "2013.09.02"]
[Round "?"]
[White "Markus, Roland"]
[Black "Nogler, Schimun"]
[Result "1/2-1/2"]
[WhiteElo "2482"]
[BlackElo "2408"]
[PlyCount "132"]
[EventDate "2013.??.??"]
[EventType "tourn (corr)"]
[EventRounds "12"]
[EventCountry "GER"]
[SourceTitle "Corr 2015"]
[Source "ChessBase"]
[SourceDate "2015.07.17"]
[SourceVersion "1"]
[SourceVersionDate "2015.07.17"]
[SourceQuality "1"]

1. e4 g6 2. d4 Bg7 3. c4 d6 4. Nc3 e5 5. Nf3 exd4 6. Nxd4 Ne7 7. Be3 0-0 8. h4 c5 9. Ndb5 Nbc6 10. Qd2 Bg4 11. f3 a6 12. Nxd6 Bxf3 13. Nxb7 Qxd2+ 14. Bxd2 Nd4 15. Rc1 Bg4 16. Nxc5 f5 17. Nd7 Rfd8 18. Nb6 Be5 19. Be3 Ra7 20. c5 Kg7 21. Bc4 fxe4 22. 0-0 Ndf5 23. Bf4 Bd4+ 24. Kh2 e3 25. Nbd5 e2 26. Rfe1 Bf2 27. Nc7 Rxc7 28. Bxc7 Bxe1 29. Bxe2 Bxc3 30. Rxc3 Bxe2 31. Bxd8 Nc6 32. Rc2 Bb5 33. Rd2 Kf7 34. b3 Ncd4 35. Kh3 Ke6 36. a4 Bf1 37. Bb6 h5 38. Kh2 a5 39. Rd1 Be2 40. Re1 Kd5 41. c6 Kxc6 42. Bxa5 Nxh4 43. Rc1+ Kd5 44. Be1 Nhf5 45. b4 Ne6 46. Bf2 Bd3 47. Rd1 Ke4 48. b5 Nd6 49. b6 Nb7 50. Kg3 Bc4 51. Kh4 Ke5 52. Kg3 Ke4 53. Kh3 Nf4+ 54. Kh4 Kf5 55. Rd7 g5+ 56. Kg3 Ba6 57. Be3 h4+ 58. Kh2 Ne6 59. a5 Ke5 60. Kh3 Ke4 61. Bg1 Nf4+ 62. Kg4 Ne6 63. Rd2 Bc4 64. Rc2 Ba6 65. Rb2 Nd6 66. Bh2 Nb7 1/2-1/2

[Event "Remote S7E Schnell-95 email"]
[Site "Remote email"]
[Date "2013.07.19"]
[Round "?"]
[White "Nogler, Schimun"]
[Black "Witt, Monika"]
[Result "1-0"]
[WhiteElo "2410"]
[BlackElo "1412"]
[PlyCount "61"]
[EventDate "2013.??.??"]
[EventType "tourn (corr)"]
[EventRounds "6"]
[EventCountry "GER"]
[SourceTitle "Corr 2015"]
[Source "ChessBase"]
[SourceDate "2015.07.17"]
[SourceVersion "1"]
[SourceVersionDate "2015.07.17"]
[SourceQuality "1"]

1. e3 e5 2. e4 Nf6 3. Nc3 a6 4. Nf3 Nc6 5. Bc4 h6 6. d4 Bb4 7. Nxe5 0-0 8. Bxf7+ Kh8 9. Ng6+ Kh7 10. Nxf8+ Qxf8 11. Bb3 Ng4 12. Qxg4 Bxc3+ 13. bxc3 Na5 14. Qf4 Qxf4 15. Bxf4 d6 16. Kd2 g5 17. Bg3 Nxb3+ 18. axb3 h5 19. h4 g4 20. Ra5 b6 21. Rxh5+ Kg6 22. Rg5+ Kf7 23. e5 d5 24. h5 Be6 25. h6 Rh8 26. Rg7+ Ke8 27. Rxc7 a5 28. h7 Kf8 29. Rh6 Bf5 30. Rxb6 Ke8 31. Rb8+ 1-0

[Event "Remote S7E Pro email"]
[Site "Remote email"]
[Date "2013.05.17"]
[Round "?"]
[White "Heinrich, Olaf Wittmund"]
[Black "Nogler, Schimun"]
[Result "1/2-1/2"]
[WhiteElo "2408"]
[BlackElo "2421"]
[PlyCount "59"]
[EventDate "2013.??.??"]
[EventType "tourn (corr)"]
[EventRounds "6"]
[EventCountry "GER"]
[SourceTitle "Corr 2015"]
[Source "ChessBase"]
[SourceDate "2015.07.17"]
[SourceVersion "1"]
[SourceVersionDate "2015.07.17"]
[SourceQuality "1"]

1. e4 c5 2. Nf3 e6 3. d4 cxd4 4. Nxd4 Nc6 5. Nc3 a6 6. Be3 Qc7 7. Qd2 Nf6 8. 0-0-0 Bb4 9. f3 Ne5 10. Nb3 b5 11. a3 Be7 12. Qd4 Rb8 13. Qa7 Bb7 14. Na5 Nc6 15. Nxc6 Ra8 16. Qb6 Qxb6 17. Bxb6 Bxc6 18. Kb1 d5 19. exd5 Nxd5 20. Nxd5 Bxd5 21. Bd3 Bd8 22. Bc5 Be7 23. Bb6 Bd8 24. Bf2 0-0 25. Be4 Bxe4 26. fxe4 f5 27. Rhe1 Bc7 28. exf5 Rxf5 29. Bd4 Kf7 30. g4 1/2-1/2

[Event "Remote Easter email"]
[Site "Remote email"]
[Date "2013.04.01"]
[Round "?"]
[White "Knoeppel, Bjoern"]
[Black "Nogler, Schimun"]
[Result "0-1"]
[WhiteElo "2222"]
[BlackElo "2412"]
[PlyCount "114"]
[EventDate "2013.??.??"]
[EventType "tourn (corr)"]
[EventRounds "8"]
[EventCountry "GER"]
[SourceTitle "Corr 2015"]
[Source "ChessBase"]
[SourceDate "2015.07.17"]
[SourceVersion "1"]
[SourceVersionDate "2015.07.17"]
[SourceQuality "1"]

1. Nf3 Nf6 2. d4 d5 3. Bg5 Ne4 4. Bf4 c6 5. e3 Bf5 6. Bd3 e6 7. 0-0 Bd6 8. Ne5 f6 9. f3 fxe5 10. dxe5 Bc7 11. fxe4 dxe4 12. Be2 Qxd1 13. Rxd1 Nd7 14. Nc3 0-0-0 15. g4 Bg6 16. h4 h6 17. h5 Bh7 18. Rd4 Nxe5 19. Nxe4 Rxd4 20. exd4 Nxg4 21. Nd6+ Bxd6 22. Bxd6 Rd8 23. Bc5 Nf6 24. c3 b6 25. Be7 Rd5 26. Rf1 Rg5+ 27. Kh2 Be4 28. Rg1 Rf5 29. Bxf6 Rf2+ 30. Kg3 Rxf6 31. Re1 Kd7 32. b4 b5 33. c4 bxc4 34. Bxc4 Bc2 35. Re5 Kd6 36. Ra5 Bd1 37. a3 Rf3+ 38. Kg2 Rf4 39. Rxa7 Rxd4 40. Bf1 Bxh5 41. Rxg7 Bg4 42. Rg8 Ke5 43. Rc8 Kf4 44. Kg1 e5 45. Rxc6 e4 46. b5 Rd1 47. b6 Rb1 48. a4 e3 49. b7 Rxb7 50. Rc4+ Kg3 51. Rc3 Re7 52. Bg2 Bf3 53. Bxf3 Kxf3 54. a5 Rd7 55. Kh2 Rd5 56. a6 Kf2 57. Kh3 e2 0-1

[Event "Remote Easter email"]
[Site "Remote email"]
[Date "2013.04.01"]
[Round "?"]
[White "Nogler, Schimun"]
[Black "Faber, Hans Alban"]
[Result "0-1"]
[WhiteElo "2421"]
[BlackElo "2443"]
[PlyCount "114"]
[EventDate "2013.??.??"]
[EventType "tourn (corr)"]
[EventRounds "8"]
[EventCountry "GER"]
[SourceTitle "Corr 2015"]
[Source "ChessBase"]
[SourceDate "2015.07.17"]
[SourceVersion "1"]
[SourceVersionDate "2015.07.17"]
[SourceQuality "1"]

1. e4 c5 2. c3 e6 3. d4 cxd4 4. cxd4 d5 5. e5 Ne7 6. Nf3 Nbc6 7. Bd3 Nf5 8. Bxf5 exf5 9. Nc3 Be6 10. Ne2 Be7 11. h4 Qb6 12. Bg5 Qxb2 13. Bxe7 Nxe7 14. Rb1 Qxa2 15. Rxb7 Qa6 16. Rb1 0-0 17. 0-0 Rfc8 18. Qd2 Rc4 19. Nf4 h6 20. Rb4 Rac8 21. Rfb1 Qc6 22. Kh2 Rc2 23. Qd1 Rc1 24. Qd3 Rxb1 25. Rxb1 Qc2 26. Qxc2 Rxc2 27. Rb8+ Rc8 28. Rb5 Ra8 29. Ra5 Nc6 30. Rc5 Nb4 31. Ra5 Kf8 32. g3 a6 33. Kg2 g6 34. Ra3 Bd7 35. Ra5 Ke7 36. Ra1 a5 37. Rb1 Kf8 38. Ne1 Bb5 39. Nf3 Be8 40. Ne1 Rc8 41. e6 f6 42. Ra1 Ra8 43. Ned3 Nxd3 44. Nxd3 a4 45. Ra3 Ke7 46. Nc5 Rb8 47. Kf3 g5 48. hxg5 fxg5 49. Ke3 h5 50. Ra1 Kd6 51. Nd7 Rb3+ 52. Kd2 Rb2+ 53. Kc3 Rxf2 54. Rxa4 Bxd7 55. exd7 Kxd7 56. Ra7+ Kc6 57. Kb4 Rb2+ 0-1